The Flinstones Quiz - Statistics

General Stats
  • This quiz has been taken 58 times
  • The average score is 7 of 10
Answer Stats
Questions Answer % Correct
Main character who has an occupation as a police officer Fred Flinstone
96%
Housewife who is the wife of the above Wilma Flinstone
96%
What type of animal is the family pet Dino Dinosaur
94%
Baby daughter of both of the above Pebbles Flinstone
88%
Colour of Betty's ribbons Blue
86%
Name of the city the show is set in Bedrock
82%
Colour of Dino Purple
80%
This sport was the main hobby of the main character Ten Pin Bowling
71%
Name of the alian that becomes a servent The Great Gazoo
18%
The game show parody that Barney appeared on Price is Right
2%
No matching quizzes found
Score Distribution
Percent of People with Each Score
Percentile by Number Answered
Your Score History
You have not taken this quiz